Practical applied mathematics : modelling, analysis, approximation
Αποθηκεύτηκε σε:
| Κύριος συγγραφέας: | |
|---|---|
| Μορφή: | Βιβλίο |
| Γλώσσα: | English |
| Δημοσίευση: |
New York :
Cambridge University Press,
2005
|
| Σειρά: | Cambridge texts in applied mathematics
|
| Θέματα: | |
| Ετικέτες: |
Προσθήκη ετικέτας
Δεν υπάρχουν, Καταχωρήστε ετικέτα πρώτοι!
|
MARC
| LEADER | 00000nam a2200000 i 4500 | ||
|---|---|---|---|
| 001 | 1/32617 | ||
| 008 | 060720s2005 eng d | ||
| 020 | |a 0-521-60369-2 | ||
| 035 | |l 10084724 | ||
| 040 | |a GR-MY-UA |b gre |e aacr | ||
| 041 | 0 | |a eng | |
| 082 | 0 | |a 530.15535 |2 (22) | |
| 100 | 1 | |a Howison, Sam. | |
| 245 | 1 | 0 | |a Practical applied mathematics : |b modelling, analysis, approximation / |c Sam Howison |
| 260 | |a New York : |b Cambridge University Press, |c 2005 | ||
| 300 | |a xiv, 326 σ.; |b εικ.; |c 25 εκ. | ||
| 490 | 1 | |a Cambridge texts in applied mathematics | |
| 504 | |a Βιβλιογραφία: σ.318-320. Ευρετήριο | ||
| 650 | 0 | 0 | |a Differential equations. |
| 650 | 0 | 0 | |a Differential equations, Partial. |
| 650 | 0 | 0 | |a Mathematical physics. |
| 830 | 0 | |a Cambridge texts in applied mathematics | |
| 852 | |a INST |b SAMOS |e 20060720 |h 530.15535 HOW |p 005300026496 |q 005300026496 |t BK |y 0 | ||
| 901 | |a BIBL3-2006-2 | ||
| 909 | |a Σ |b 128877 | ||
| 920 | |a ΑΝΑΜΟΡΦΩΣΗ |b ΕΠΕΑΕΚ ΙΙ-ΜΑΘ |y ΣΑΜΟΣ |z 2006-06 | ||
| 970 | |a ΚΟΣΙΕΡΗΣ |b ΧΡΗΣΤΟΣ |z 2006/07/20 | ||